Statystyki dla Najczęściej odtwarzane piosenki Spotify

Kliknij tutaj aby rozwiązać quiz!

Ogólne statystyki

  • Ten quiz został rozwiązany 296 razy
  • Średni wynik to 10 z 25

Statystyki odpowiedzi

TytułWykonawcaLiczba odtworzeń (miliardy)% Poprawnych
Shape of YouEd Sheeran3,143
89%
bad guyBillie Eilish2,056
73%
PerfectEd Sheeran2,069
68%
Blinding LightsThe Weeknd2,978
58%
Dance MonkeyTones and I2,572
58%
SeñoritaShawn Mendes i Camila Cabello2,146
58%
lovelyBillie Eilish, Khalid1,806
52%
ShallowLady Gaga i Bradley Cooper1,809
52%
rockstarPost Malone i 21 Savage2,429
48%
Bohemian RhapsodyQueen1,818
47%
BelieverImagine Dragons2,099
45%
CloserThe Chainsmokers i Halsey2,289
40%
StayThe Kid Laroi i Justin Bieber1,838
37%
SAD!XXXTentacion1,834
36%
PhotographEd Sheeran1,875
33%
Lucid DreamsJuice Wrld1,962
31%
StarboyThe Weeknd1,837
31%
SunflowerPost Malone i Swae Lee2,304
31%
Someone You LovedLewis Capaldi2,363
29%
Thinking Out LoudEd Sheeran2,002
29%
God’s PlanDrake1,948
28%
Something Just Like ThisThe Chainsmokers i Coldplay1,825
24%
One DanceDrake, WizKid i Kyla2,321
21%
Don’t Start NowDua Lipa1,908
16%
Say You Won't Let GoJames Arthur2,031
16%

Rozkład punktacji

Percentyl według liczby udzielonych odpowiedzi

Procent ludzi z każdym wynikiem

Twoja historia wyników

Nie rozwiązałeś tego quizu